Financial consumer protection regime in Malaysia: (Record no. 506594)

000 -LEADER
fixed length control field 00497nam a2200157Ia 4500
008 - FIXED-LENGTH DATA ELEMENTS--GENERAL INFORMATION
fixed length control field 181130s2018 xx 000 0 und d
100 ## - MAIN ENTRY--PERSONAL NAME
Personal name Ahmed, Habib
245 ## - TITLE STATEMENT
Title Financial consumer protection regime in Malaysia:
Remainder of title assessment of the legal and regulatory framework
260 ## - PUBLICATION, DISTRIBUTION, ETC.
Date of publication, distribution, etc. 2018
300 ## - PHYSICAL DESCRIPTION
Extent p.159-175.
504 ## - BIBLIOGRAPHY, ETC. NOTE
-- Jun
650 ## - SUBJECT ADDED ENTRY--TOPICAL TERM
Topical term or geographic name entry element Consumer protection - Malaysia
700 ## - ADDED ENTRY--PERSONAL NAME
Personal name Ibrahim, Ili Rahilah
773 ## - HOST ITEM ENTRY
Main entry heading Journal of Consumer Policy
906 ## - LOCAL DATA ELEMENT F, LDF (RLIN)
a Consumer protection - Malaysia
Holdings
Withdrawn status Lost status Damaged status Not for loan Permanent Location Current Location Date acquired Serial Enumeration / chronology Barcode Date last seen Price effective from Koha item type
        Indian Institute of Public Administration Indian Institute of Public Administration 2018-12-07 41(2), Jun, 2018: p.159-175. AR118389 2018-12-07 2018-12-07 Articles

Powered by Koha